Soft leadership: (Record no. 152705)

MARC details
000 -LEADER
fixed length control field 00652nam a22001817a 4500
005 - DATE AND TIME OF LATEST TRANSACTION
control field 20180628122906.0
010 ## - LCCN (DPL NO)
LC control number ENG-123225
020 ## - INTERNATIONAL STANDARD BOOK NUMBER
International Standard Book Number 9789382630913
Terms of availability 995.00
035 ## - SYSTEM CONTROL NUMBER
System control number EN-106757
037 ## - SOURCE OF ACQUISITION
Source of stock number/acquisition DBAD/PUB
082 ## - DEWEY DECIMAL CLASSIFICATION NUMBER
Classification number 658.4092
100 ## - MAIN ENTRY--PERSONAL NAME
Personal name Rao, M.S.
245 ## - TITLE STATEMENT
Title Soft leadership:
Statement of responsibility, etc by M.S. Rao
Remainder of title acquire leadership ideas and insights on visionary, inspirational and life leadership to stand out as a soft leader globally/
260 ## - PUBLICATION, DISTRIBUTION, ETC. (IMPRINT)
Place of publication, distribution, etc Jaipur
Name of publisher, distributor, etc Aadi Publications
Date of publication, distribution, etc 2017
270 ## - ADDRESS
Address F-11, S.S. Tower, Dhamani Street, Chaura Rasta,
City Jaipur
Postal code 302003
300 ## - PHYSICAL DESCRIPTION
Extent 182p.
Dimensions 21cm(Hb)
Other physical details ill.
942 ## - ADDED ENTRY ELEMENTS (KOHA)
Source of classification or shelving scheme Dewey Decimal Classification
Item type English Books
Call number suffix RAO
Classification part 658.4092
Holdings
Withdrawn status Lost status Not for loan Collection code Home library Current library Date acquired Source of acquisition Cost, normal purchase price Full call number Barcode Copy number Cost, replacement price Koha item type
    Not For Loan Non-fiction D.B.Act.Division Central Library 14/06/2018 DBAD/PUB 995.00 658.4092 RAO EN-106757 1 995.00 English Books

© Delhi Public Library
Hit Counter
free hit counter